Представление документа в формате MARC21

ПолеНазваниеЗначение
  Тип записи a
  Библиографический уровень m
001 Контрольный номер RU\infra-m\znanium\bibl\2226274
005 Дата корректировки 20260429142215.4
008 Кодируемые данные 250915s2025 RU g rus u
020 Индекс ISBN __
a ISBN 978-5-9729-2493-6
040 Источник каталогиз. __
a Служба первич. каталог. Общество с ограниченной ответственностью «ЗНАНИУМ»
041 Код языка издания __
a Код языка текста rus
044 Код страны публикации __
a Код страны публикации RU
080 Индекс УДК __
a Индекс УДК 621
084 Индекс другой классификации/Индекс ББК __
2 Источник индекса rubbk
a Индекс другой классификации/Индекс ББК 346
084 Индекс другой классификации/Индекс ББК __
2 Источник индекса okso
a Индекс другой классификации/Индекс ББК 15.03.01
084 Индекс другой классификации/Индекс ББК __
2 Источник индекса okso
a Индекс другой классификации/Индекс ББК 15.04.01
100 Автор __
a Автор Михайлицын С.В.
q Полное имя Михайлицын Сергей Васильевич
u Дополнение Магнитогорский государственный технический университет им. Г.И. Носова
245 Заглавие __
a Заглавие Сварочные и наплавочные материалы
b Продолж. заглавия Учебник
c Ответственность Магнитогорский государственный технический университет им. Г.И. Носова
250 Сведения об издании __
a Основные сведения об издании 2
260 Выходные данные __
a Место издания Вологда
b Издательство Инфра-Инженерия
c Дата издания 2025
300 Физическое описание __
a Объем 228 с.
520 Аннотация __
a Аннотация Даны сведения о современных сварочных и наплавочных материалах материалах для пайки и напыления: электродах проволоках сплошного сечения и порошковых лентах прутках стержнях неплавящихся электродах порошках флюсах и защитных газах. Описаны требования к компонентам покрытий электродов методы подбора и расчёта их состава технология производства штучных электродов и порошковых проволок. Показан путь выбора материалов для создания качественных изделий с помощью сварки наплавки пайки и напыления. Для обучающихся в магистратуре и бакалавриате по направлению «Машиностроение» по профилю «Оборудование и технология сварочного производства» а также молодых специалистов изобретателей и ученых.
521 Примеч. о цел. назн. __
a Примеч. о целев. назн. ВО - Бакалавриат
650 Тематические рубрики __
a Основная рубрика Общетехнические дисциплины
x Основная подрубрика Материаловедение
655 Указ. предметных рубрик (устаревшее) __
a Жанр/ форма (устаревшее) Учебник
700 Другие авторы __
a Другие авторы Зверева И.Н.
q Полное имя Зверева Ирина Николаевна
u Дополнение Магнитогорский государственный технический университет им. Г.И. Носова
700 Другие авторы __
a Другие авторы Шекшеев М.А.
q Полное имя Шекшеев Максим Александрович
u Дополнение Магнитогорский государственный технический университет им. Г.И. Носова
856 Электронный адрес документа 4_
a Имя сервера/домена znanium.ru
m Помощь ebs_support@infra-m.ru
n Местонахождение сервера НИЦ ИНФРА-М
u URL https://znanium.ru/catalog/document?id=469809
856 Электронный адрес документа 48
a Имя сервера/домена znanium.ru
d Путь /cover/2226
f Электронное имя 2226274.jpg
u URL https://znanium.ru/cover/2226/2226274.jpg
911 __
u 0030=https://znanium.ru/catalog/document?id=469809